000 00861nam a2200253 i 4500
001 bg
245 0 0 _aZarządzanie wiedzą :
_bwybrane problemy /
_cred. nauk. Krzysztof Leja, Andrzej Szuwarzyński ; Politechnika Gdańska. Wydział Zarządzania i Ekonomii.
260 _aGdańsk :
_bWydział Zarządzania i Ekonomii. Katedra Zarządzania Wiedzą i Informacją. Politechnika Gdańska,
_c2007.
300 _a145 s. :
_bil. ;
_c24 cm.
504 _aBibliogr. przy ref.
546 _aTekst częśc. ang.
650 9 _aZarządzanie wiedzą
700 1 _aLeja, Krzysztof.
_eRed.
700 1 _aSzuwarzyński, Andrzej.
_eRed.
015 _aPB 11807/2008
020 _a9788388617836
040 _cBPK
041 0 _apol
_aeng
044 _aPOL
080 _a005.94
920 _a978-83-88617-83-6
942 _cKS
008 080303s2007 pl a |000 0 pol
999 _c55567
_d55567
856 _uhttp://koha.tu.koszalin.pl/cgi-bin/koha/opac-detail.pl?biblionumber=55567
_yKatalog online BPK